000
00230nam a22000857a 4500
008
160716b xxu||||| |||| 00| 0 eng d
100
_9
2956
_a
Rao, S.R
245
_a
Tales of Ancient India
260
_a
New Delhi
_b
Orient Publication
_c
2003
999
_c
2520
_d
2520